00230nam a2200085Ia 450000500170000000800410001724500590005826000100011799900170012720250523150954.0250523s9999 xx 000 0 und d 0aAltın Türkçe Sözlük Lise cHüseyin Kuşcu bALTIN c11913d11913